书目信息 |
| 题名: |
中国共产主义青年团工作文件汇编
|
|
| 作者: | ;中国法制出版社 编 | |
| 分册: | ||
| 出版信息: | 北京 中国法制出版社 2021.01 |
|
| 页数: | 297页 | |
| 开本: | 21cm | |
| 丛书名: | ||
| 单 册: | ||
| 中图分类: | D29 | |
| 科图分类: | ||
| 主题词: | ||
| 电子资源: | ||
| ISBN: | 978-7-5216-1477-0 | |
| 000 | 00967nam0 2200241 450 | |
| 001 | 011025152724 | |
| 005 | 20221025152724.0 | |
| 010 | @a978-7-5216-1477-0@dCNY35.00 | |
| 099 | @aCAL 012021020858 | |
| 100 | @a20201004d2021 em y0chiy50 ea | |
| 101 | 0 | @achi |
| 102 | @aCN@b110000 | |
| 105 | @ay z 000yy | |
| 106 | @ar | |
| 200 | 1 | @a中国共产主义青年团工作文件汇编@Azhong guo gong chan zhu yi qing nian tuan gong zuo wen jian hui bian@f中国法制出版社编 |
| 210 | @a北京@c中国法制出版社@d2021.01 | |
| 215 | @a297页@d21cm | |
| 314 | @aCIP数据题:中国法制出版社编 | |
| 330 | @a本书收录了近几年共青团中央、共青团中央办公厅等出台的团员和团组织建设工作中常用的文件,分为综合、团员队伍建设、团的组织建设、团干部建设、学校共青团建设等几个部分。 | |
| 601 | 02 | @a中国共产主义青年团@Azhong guo gong chan zhu yi qing nian tuan@x文件@y中国@j汇编 |
| 690 | @aD29@v5 | |
| 711 | 02 | @a中国法制出版社@Azhong guo fa zhi chu ban she@4编 |
| 905 | @a河南城建学院图书馆@dD29@eZ562 | |
| 中国共产主义青年团工作文件汇编/中国法制出版社编.-北京:中国法制出版社,2021.01 |
| 297页;21cm |
| ISBN 978-7-5216-1477-0:CNY35.00 |
| 本书收录了近几年共青团中央、共青团中央办公厅等出台的团员和团组织建设工作中常用的文件,分为综合、团员队伍建设、团的组织建设、团干部建设、学校共青团建设等几个部分。 |
| ● |
| 相关链接 |
|
|
|
正题名:中国共产主义青年团工作文件汇编
索取号:D29/Z562
 
预约/预借
| 序号 | 登录号 | 条形码 | 馆藏地/架位号 | 状态 | 备注 |
| 1 | 1585449 | 215854494 | 社科库509/509社科库 70排3列1层/ [索取号:D29/Z562] | 在馆 | |
| 2 | 1585450 | 215854500 | 社科库509/509社科库 70排3列1层/ [索取号:D29/Z562] | 在馆 |